Central Library || Chittagong University

Dramatic Phenomena from the new frontiers of science./ (Record no. 111644)

MARC details
000 -LEADER
fixed length control field 00461nam a22001697a 4500
003 - CONTROL NUMBER IDENTIFIER
control field BD-ChCU
005 - DATE AND TIME OF LATEST TRANSACTION
control field 20260217134157.0
008 - FIXED-LENGTH DATA ELEMENTS--GENERAL INFORMATION
fixed length control field 260217b bg ||||| |||| 00| 0 ben d
040 ## - CATALOGING SOURCE
Transcribing agency BD-ChCU
082 ## - DEWEY DECIMAL CLASSIFICATION NUMBER
Classification number REF 500 TED
100 ## - MAIN ENTRY--PERSONAL NAME
Personal name Teresi , Dick
9 (RLIN) 20395
245 ## - TITLE STATEMENT
Title Dramatic Phenomena from the new frontiers of science./
Statement of responsibility, etc. Dick , Teresi .
260 ## - PUBLICATION, DISTRIBUTION, ETC.
Place of publication, distribution, etc. Boston :
Name of publisher, distributor, etc. Little ,
Date of publication, distribution, etc. C 1982
300 ## - PHYSICAL DESCRIPTION
Extent 248p
650 #0 - SUBJECT ADDED ENTRY--TOPICAL TERM
Topical term or geographic name entry element Science.
9 (RLIN) 20396
942 ## - ADDED ENTRY ELEMENTS (KOHA)
Source of classification or shelving scheme Dewey Decimal Classification
Koha item type Books
Suppress in OPAC No
Holdings
Withdrawn status Lost status Source of classification or shelving scheme Damaged status Not for loan Home library Current library Shelving location Date acquired Source of acquisition Total Checkouts Full call number Barcode Date last seen Copy number Price effective from Koha item type
    Dewey Decimal Classification     Chittagong University Library Chittagong University Library Reference 02/17/2026 Purchase   REF 500 TED 120598 02/17/2026 C-1 02/17/2026 Books
    Dewey Decimal Classification     Chittagong University Library Chittagong University Library Reference 02/17/2026 Purchase   REF 500 TED 120599 02/17/2026 C-2 02/17/2026 Books
© Copyright 2026. Chittagong University Library, Installation and Maintenance by Prof. Dr. Md. Alamgir, 01711306253